01174nam a2200241Ia 4500001000900000003001000009008004100019040002500060041001300085100001900098245001700117250001100134260005300145300002700198500016900225501011400394520016900508650004300677942000700720957000600727999004100733952015800774L085-428IT-CnALBA170116s9999||||xx |||||||||||||| ||und|| aIT-CnALBAcIT-CnALBA aITALIANO aORIANI ALFREDO 0aNEMICO (IL)  a1a ed. a FIRENZEbCAPELLI EDITORE c1924 [1° Ed.: n.d.] a430 p. (prefazione: 9) aCURATORE BENITO MUSSOLINI. PREFAZIONE DI ROCCA GINO. IDEALISMO E REALTÀ. ROMANZO. AMORE. EGOISMO. PERSONAGGI: LORIS, OLGA. NIHILISMO. DELUSIONE. GUERRA. EROISMO.  aSocietà San Paolo EM - Piazza San Paolo, 14 - 12051 ALBA (CN) (non commercial uses only) ® Copyright 2017 aCURATORE BENITO MUSSOLINI. PREFAZIONE DI ROCCA GINO. IDEALISMO E REALTÀ. ROMANZO. AMORE. EGOISMO. PERSONAGGI: LORIS, OLGA. NIHILISMO. DELUSIONE. GUERRA. EROISMO.  aRACCOLTE DI CARATTERE GEN. IN ITALIANO cBK 71 a527bSI g Copie: 1 c259664d259664 0010406L_08542871aALBAbALBAd2017-01-16l0oL085-428r2017-01-16 00:00:00w2017-01-16yBKz(data import: 16 gennaio 2017) - By Epidotti, Vaglietti.